Manual de derecho concursal (Registro nro. 4845)

Detalles MARC
000 -LEADER
fixed length control field 01955 a2200289 4500
001 - CONTROL NUMBER
control field 49434
005 - DATE AND TIME OF LATEST TRANSACTION
control field 20260407155758.0
008 - FIXED-LENGTH DATA ELEMENTS--GENERAL INFORMATION
fixed length control field 260407a2017 arg spa d
003 - CONTROL NUMBER IDENTIFIER
control field AR-UNSa-BCEJYS
040 ## - CATALOGING SOURCE
Original cataloging agency AR-UNSa-BCEJYS
Language of cataloging spa
Transcribing agency AR-UNSa-BCEJYS
080 ## - UNIVERSAL DECIMAL CLASSIFICATION NUMBER
Universal Decimal Classification number 347.736
Common auxiliary subdivision Quiebra. Insolvencia. Suspensión de pagos. Bancarrota, procedimientos. Derecho Concursal
020 ## - INTERNATIONAL STANDARD BOOK NUMBER
International Standard Book Number 978-987-551-333-4
041 ## - LANGUAGE CODE
Language code of text/sound track or separate title spa
100 1# - MAIN ENTRY--PERSONAL NAME
Personal name Junyent Bas, Francisco
245 10 - TITLE STATEMENT
Title Manual de derecho concursal
264 #1 - PRODUCTION, PUBLICATION, DISTRIBUTION, MANUFACTURE, AND COPYRIGHT NOTICE
Place of production, publication, distribution, manufacture Córdoba :
Name of producer, publisher, distributor, manufacturer Advocatus
Date of production, publication, distribution, manufacture, or copyright notice 2017
300 ## - PHYSICAL DESCRIPTION
Extent 685 p.
Dimensions 23 cm.
505 ## - FORMATTED CONTENTS NOTE
Formatted contents note 1. Derecho Concursal - 2. Órganos del concurso - 3. Primera Parte: El concurso preventivo - Segunda Parte: La quiebra - 4. Primera Parte: El fuero de atracción - Segunda Parte: Verificación de créditos - Tercera Parte: El pronto pago - 5. Primera Parte: Clasificación y agrupamiento de acreedores - Segunda Parte: Impugnación a la propuesta de acuerdo preventivo - Tercera Parte: Acuerdo preventivo extrajudicial - 6. Primera Parte: Efectos del concurso con relación al concursado - Segunda Parte: Efectos de la quiebra en relación al fallido - 7. Efectos del concurso y la quiebra sobre los contratos - 8. Efectos del concurso y la quiebra sobre los contratos (Continuación) - 9. Primera Parte: Extensión de la Quiebra - Segunda Parte: Acciones de responsabilidad - 10. Ineficacia concursal - 11. Formas de conclusión del concurso y liquidación en la quiebra - 12. La continuación de la explotación - 13. Privilegios - 14. Conclusión de la quiebra y clausura del procedimiento.
590 ## - LOCAL NOTE (RLIN)
Local note niveau_biblio:m niveau_hierar:0
700 1# - ADDED ENTRY--PERSONAL NAME
Personal name Giménez, Sofía Inés
700 1# - ADDED ENTRY--PERSONAL NAME
Personal name Peretti, María Victoria
700 1# - ADDED ENTRY--PERSONAL NAME
Personal name Rodríguez leguizamón, María Cecilia
700 1# - ADDED ENTRY--PERSONAL NAME
Personal name Aliaga, María Sofía
700 1# - ADDED ENTRY--PERSONAL NAME
Personal name Balduzzi, Leonardo
856 41 - ELECTRONIC LOCATION AND ACCESS
Uniform Resource Identifier <a href="https://www.biblioeco.unsa.edu.ar/pmb/images/libros/L128097.jpg">https://www.biblioeco.unsa.edu.ar/pmb/images/libros/L128097.jpg</a>
Link text Imagen de portada
Electronic format type image/jpeg
942 ## - ADDED ENTRY ELEMENTS (KOHA)
Koha item type
Existencias
Withdrawn status Lost status Damaged status Not for loan Home library Current library Shelving location Date acquired Total checkouts Full call number Barcode Date last seen Price effective from Koha item type
        Biblioteca Prof. Eusebio Cleto del Rey Biblioteca Prof. Eusebio Cleto del Rey   07/04/2026   347.736 J95 L128097 07/04/2026 07/04/2026 Libro